Bài tập hình học họa hình
Gồm những bài tập của phần phép chiếu và phương pháp hai hình chiếu thẳng góc và phần hình chiếu trục đo.
Spremljeno u:
| Glavni autor: | |
|---|---|
| Format: | Knjiga |
| Jezik: | Undetermined |
| Izdano: |
Hà Nội
Giáo dục
1998
|
| Teme: | |
| Oznake: |
Dodaj oznaku
Bez oznaka, Budi prvi tko označuje ovaj zapis!
|
| Thư viện lưu trữ: | Trung tâm Học liệu Trường Đại học Cần Thơ |
|---|
| LEADER | 00802nam a2200217Ia 4500 | ||
|---|---|---|---|
| 001 | CTU_141545 | ||
| 008 | 210402s9999 xx 000 0 und d | ||
| 020 | |c 14000 | ||
| 082 | |a 516.6076 | ||
| 082 | |b C550 | ||
| 100 | |a Nguyễn, Quang Cự | ||
| 245 | 0 | |a Bài tập hình học họa hình | |
| 245 | 0 | |c Nguyễn Quang Cự, Nguyễn Mạnh Dũng, Vũ Hoàng Thái | |
| 260 | |a Hà Nội | ||
| 260 | |b Giáo dục | ||
| 260 | |c 1998 | ||
| 520 | |a Gồm những bài tập của phần phép chiếu và phương pháp hai hình chiếu thẳng góc và phần hình chiếu trục đo. | ||
| 650 | |a Geometry, descriptive | ||
| 650 | |x Problems, exercises, etc. | ||
| 904 | |i Trúc | ||
| 980 | |a Trung tâm Học liệu Trường Đại học Cần Thơ | ||